UBT Library

Business / (Record no. 39645)

000 -LEADER
fixed length control field 00687cam a2200241 a 4500
001 - CONTROL NUMBER
control field 2980573
005 - DATE AND TIME OF LATEST TRANSACTION
control field 20180103074643.0
008 - FIXED-LENGTH DATA ELEMENTS--GENERAL INFORMATION
fixed length control field 930614s1993 maua b 001 0 eng
010 ## - LIBRARY OF CONGRESS CONTROL NUMBER
LC control number 92072397
020 ## - INTERNATIONAL STANDARD BOOK NUMBER
International Standard Book Number 0395640121
040 ## - CATALOGING SOURCE
Original cataloging agency DLC
Transcribing agency DLC
Modifying agency DLC
041 ## - LANGUAGE CODE
Language code of text/sound track or separate title eng
043 ## - GEOGRAPHIC AREA CODE
Geographic area code n-us---
080 ## - UNIVERSAL DECIMAL CLASSIFICATION NUMBER
Universal Decimal Classification number 650
082 00 - DEWEY DECIMAL CLASSIFICATION NUMBER
Classification number 650 PRI
Edition number 20
100 1# - Rafti
Rafti 331
101 ## - Shkurtesa
Shkurtesa 59
245 10 - TITLE STATEMENT
Title Business /
Statement of responsibility, etc William M. Pride, Robert J. Hughes, Jack R. Kapoor.
504 ## - BIBLIOGRAPHY, ETC. NOTE
Bibliography, etc Includes bibliographical references and indexes.
906 ## - LOCAL DATA ELEMENT F, LDF (RLIN)
a 7
b cbc
c orignew
d 2
e opcn
f 19
g y-gencatlg
942 ## - ADDED ENTRY ELEMENTS (KOHA)
Source of classification or shelving scheme
Item type Books
Holdings
Withdrawn status Lost status Source of classification or shelving scheme Damaged status Not for loan Collection code Permanent location Current location Shelving location Date acquired Total Checkouts Full call number Barcode Date last seen Price effective from Koha item type
          Koleksioni i përgjithshem UBT - Lipjan UBT - Lipjan Koleksioni i përgjithshem 01/03/2018   650 PRI 002-2994208 01/03/2018 01/03/2018 Books
UBT Library © 2015-2024. All rights reserved University Education for Business and Technology